000 01294cam a22002054a 4500
005 20250605163945.0
008 250528s ||||||||||||||||||||||||d
035 _a15180
020 _a712114254
040 _aGR-AtMCL
_bgre
_dGR-AtMCL
_eAACR2
245 1 _aManagement / Second Edition
250 _a2nd
260 _bThe M & E Handbook Series,
_c1994
300 _a408
520 _aThe M+E Handbook series provides concise and comprehensive coverage of a wide range of subjects in business, finance and law. Preface, Introduction to Management, Nature and Development of Management Theory, Management in Action, Business Ownership, Entrepreneurship and Small Business Management, Corporate Strategy and Planning, Management Functions, Organization, Marketing, International Marketing, Managing the Finance Function, Operations Management, Legal Aspects of Management, Communication and Management Control, Decision Support and Information Technology, The Human Side of Management, The Nature of Work, Leadership and Motivation and Management Style, Personnel Management, The Future of Management, Appendices, Examination Technique, Sample Examination Questions, Glossary of Management Terms, Index.
700 1 _aBennett Roger
_91002
942 _cBK
999 _c774
_d774